[Event "RUS-chT2"]
[Site "Sochi"]
[Date "2019.05.08"]
[Round "7.3"]
[White "Makarian, Rudik"]
[Black "Golubev, Roman"]
[Result "1-0"]
[WhiteElo "2348"]
[BlackElo "2378"]
[PlyCount "57"]
[EventDate "2019.05.01"]
[EventType "team-swiss"]
[EventRounds "9"]
[EventCountry "RUS"]
[SourceTitle "CBM 190 Extra"]
[Source "ChessBase"]
[SourceDate "2019.07.15"]
[SourceVersion "1"]
[SourceVersionDate "2019.07.15"]
[SourceQuality "1"]
[WhiteTeam "Moscow Botvinnik School"]
[BlackTeam "Grandmaster Academy"]
[WhiteTeamCountry "RUS"]
[BlackTeamCountry "RUS"]

1. Nf3 Nf6 2. c4 c5 3. g3 d5 4. Bg2 Nc6 5. cxd5 Nxd5 6. Nc3 Nxc3 7. bxc3 g6 8. 0-0 Bg7 9. Rb1 Qa5 10. d4 0-0 11. d5 Ne5 12. Nxe5 Bxe5 13. Bh6 Re8 14. Qc2 Qxc3 15. Qa4 Bf5 16. e4 Bg4 17. Rfc1 Qd4 18. Qc2 c4 19. h3 Bd7 20. Rxb7 Bc8 21. Rb4 Ba6 22. Be3 Qd3 23. Qa4 Bd6 24. Bf1 Qxe4 25. Rbb1 Rab8 26. Rxb8 Rxb8 27. Qxa6 Bxg3 28. Qxc4 Qe5 29. Bd4 1-0

[Event "RUS-chT2"]
[Site "Sochi"]
[Date "2019.05.05"]
[Round "5.3"]
[White "Vastrukhin, Oleg"]
[Black "Golubev, Roman"]
[Result "1-0"]
[WhiteElo "2404"]
[BlackElo "2378"]
[PlyCount "103"]
[EventDate "2019.05.01"]
[EventType "team-swiss"]
[EventRounds "9"]
[EventCountry "RUS"]
[SourceTitle "CBM 190 Extra"]
[Source "ChessBase"]
[SourceDate "2019.07.15"]
[SourceVersion "1"]
[SourceVersionDate "2019.07.15"]
[SourceQuality "1"]
[WhiteTeam "Krym Nash"]
[BlackTeam "Grandmaster Academy"]
[WhiteTeamCountry "RUS"]
[BlackTeamCountry "RUS"]

1. Nf3 Nf6 2. d4 g6 3. Nc3 d5 4. Bf4 Bg7 5. e3 0-0 6. Be2 c6 7. h4 Bg4 8. Ne5 Bxe2 9. Qxe2 Nbd7 10. 0-0-0 Nxe5 11. Bxe5 Ne4 12. Nxe4 dxe4 13. Bxg7 Kxg7 14. h5 Qa5 15. Kb1 Rad8 16. Rh4 f5 17. f4 exf3 18. gxf3 g5 19. h6+ Kf6 20. Rh5 Rg8 21. e4 e6 22. Qe3 f4 23. Qd3 Rg6 24. a3 Kf7 25. Rhh1 Qb5 26. c4 Qa5 27. d5 e5 28. Qb3 Qb6 29. Qc3 Qc7 30. c5 Qe7 31. Qc4 Kf8 32. Rd3 Rd7 33. Rd2 Rd8 34. d6 Qf7 35. Qc3 Qe6 36. Qa5 Rd7 37. Qxa7 Rxh6 38. Qa8+ Kf7 39. Rxh6 Qxh6 40. Qh8 Qg7 41. Qc8 Kg6 42. Qe8+ Kf6 43. Rh2 Rf7 44. Qd8+ Kg6 45. Qe8 Kf6 46. Qc8 Kg6 47. Qe6+ Qf6 48. Qe8 Kg7 49. d7 Rf8 50. Rd2 g4 51. fxg4 f3 52. Qxf8+ 1-0

[Event "Moscow RSHSH Cup"]
[Site "Moscow"]
[Date "2018.05.26"]
[Round "8"]
[White "Slavinsky, Petr"]
[Black "Golubev, Roman"]
[Result "1/2-1/2"]
[WhiteElo "2062"]
[BlackElo "2379"]
[PlyCount "90"]
[EventDate "2018.05.19"]
[EventType "tourn"]
[EventRounds "9"]
[EventCountry "RUS"]
[EventCategory "1"]
[SourceTitle "EXT 2019"]
[Source "ChessBase"]
[SourceDate "2018.10.10"]
[SourceVersion "1"]
[SourceVersionDate "2018.10.10"]
[SourceQuality "1"]

1. e4 e5 2. Nf3 Nc6 3. Nc3 Nf6 4. d4 exd4 5. Nxd4 Bb4 6. Nxc6 bxc6 7. Bd3 0-0 8. 0-0 Re8 9. Qf3 h6 10. h3 d5 11. exd5 cxd5 12. Bf4 c6 13. Ne2 Bd6 14. Ng3 Be5 15. Bxe5 Rxe5 16. c4 Qe7 17. cxd5 cxd5 18. Nf5 Bxf5 19. Bxf5 Ne4 20. Rfe1 Re8 21. Bxe4 dxe4 22. Qe3 f5 23. Rac1 Qf7 24. Qb3 R5e6 25. Qd5 Kh8 26. Rc6 Qf6 27. Rxe6 Rxe6 28. Rd1 Kh7 29. Qd4 Qg5 30. Qd8 Rf6 31. Qc8 Rg6 32. g3 Qf4 33. Rd8 Rxg3+ 34. fxg3 Qxg3+ 35. Kf1 Qf3+ 36. Ke1 e3 37. Rh8+ Kg6 38. Qa6+ Kg5 39. Qf1 Qg3+ 40. Ke2 f4 41. Rf8 h5 42. Qf3 Qh2+ 43. Kf1 e2+ 44. Qxe2 Qh1+ 45. Kf2 Qh2+ 1/2-1/2

[Event "Moscow RSHSH Cup"]
[Site "Moscow"]
[Date "2018.05.23"]
[Round "5"]
[White "Dudin, Gleb"]
[Black "Golubev, Roman"]
[Result "1/2-1/2"]
[WhiteElo "2138"]
[BlackElo "2379"]
[PlyCount "81"]
[EventDate "2018.05.19"]
[EventType "tourn"]
[EventRounds "9"]
[EventCountry "RUS"]
[EventCategory "1"]
[SourceTitle "EXT 2019"]
[Source "ChessBase"]
[SourceDate "2018.10.10"]
[SourceVersion "1"]
[SourceVersionDate "2018.10.10"]
[SourceQuality "1"]

1. d4 f5 2. c4 e6 3. Nf3 Nf6 4. g3 d6 5. Bg2 Be7 6. 0-0 0-0 7. Nc3 Ne4 8. Nd2 Nxc3 9. bxc3 e5 10. c5 Nc6 11. cxd6 cxd6 12. Ba3 Kh8 13. e3 Qc7 14. Rb1 Nd8 15. Qa4 Be6 16. Rfc1 a6 17. Qb4 e4 18. c4 Re8 19. d5 Bc8 20. f4 exf3 21. Nxf3 Nf7 22. Re1 Bf6 23. c5 dxc5 24. Qxc5 Qxc5 25. Bxc5 b5 26. Nd4 Bd7 27. a4 Rac8 28. Nc6 Bxc6 29. dxc6 Nd8 30. axb5 axb5 31. c7 Rxc7 32. Rxb5 Re5 33. Bd6 Rxb5 34. Bxc7 Ne6 35. Bd6 Rb6 36. Ba3 Rb3 37. Bd5 Rxa3 38. Bxe6 g6 39. e4 Bd4+ 40. Kg2 fxe4 41. Rxe4 1/2-1/2

[Event "RUS-chT2"]
[Site "Sochi"]
[Date "2018.05.04"]
[Round "4.10"]
[White "Golubev, Roman"]
[Black "Shemyakin, Valeriy"]
[Result "1-0"]
[WhiteElo "2391"]
[BlackElo "2266"]
[PlyCount "91"]
[EventDate "2018.05.01"]
[EventType "team-swiss"]
[EventRounds "9"]
[EventCountry "RUS"]
[SourceTitle "CBM 184 Extra"]
[Source "ChessBase"]
[SourceDate "2018.06.28"]
[SourceVersion "1"]
[SourceVersionDate "2018.06.28"]
[SourceQuality "1"]
[WhiteTeam "Moscow Academy Kuzuba"]
[BlackTeam "Our Crimea"]
[WhiteTeamCountry "RUS"]
[BlackTeamCountry "RUS"]

1. e4 d5 2. exd5 Qxd5 3. Nc3 Qa5 4. d4 Nf6 5. Nf3 Bg4 6. h3 Bxf3 7. Qxf3 c6 8. Bd3 e6 9. 0-0 Nbd7 10. Ne4 Nxe4 11. Bxe4 Qc7 12. Bg5 h6 13. Bh4 Nb6 14. c4 Nxc4 15. Rfd1 g5 16. Bg3 Bd6 17. Rac1 Nb6 18. Bxc6+ bxc6 19. Rxc6 Bxg3 20. Rxc7 Bxc7 21. Qc6+ Kd8 22. d5 Rc8 23. d6 Bb8 24. Qf3 f5 25. Qh5 Nd7 26. Qg6 Re8 27. Qxh6 Rc6 28. Qxg5+ Kc8 29. Qf4 Nf6 30. Qe5 Nd7 31. Qg3 Nb6 32. Qg6 Kd8 33. Qf6+ Kc8 34. Qf7 Rd8 35. Qxe6+ Kb7 36. Qxf5 Rdxd6 37. Rxd6 Rxd6 38. g3 Nd5 39. h4 Kc6 40. h5 Rf6 41. Qg5 Bd6 42. Kg2 Bc5 43. f4 Bd6 44. h6 Bxf4 45. gxf4 Rg6 46. Kf3 1-0

[Event "St Petersburg Summer op"]
[Site "St Petersburg"]
[Date "2017.08.24"]
[Round "9"]
[White "Klukin, Kirill"]
[Black "Golubev, Roman"]
[Result "0-1"]
[WhiteElo "2236"]
[BlackElo "2404"]
[PlyCount "84"]
[EventDate "2017.08.16"]
[EventType "swiss"]
[EventRounds "9"]
[EventCountry "RUS"]
[SourceTitle "CBM 180 Extra"]
[Source "ChessBase"]
[SourceDate "2017.10.06"]
[SourceVersion "1"]
[SourceVersionDate "2017.10.06"]
[SourceQuality "1"]

1. c4 e6 2. Nf3 f5 3. g3 Nf6 4. Bg2 Be7 5. 0-0 0-0 6. b3 d6 7. d4 a5 8. a3 Ne4 9. Bb2 Bf6 10. Qc2 Nc6 11. e3 e5 12. Rd1 Qe8 13. Nc3 Nxc3 14. Bxc3 Qh5 15. dxe5 dxe5 16. Rd5 e4 17. Ne1 Qf7 18. Bxf6 Qxf6 19. Rc1 Be6 20. Rd2 Rfd8 21. Rxd8+ Rxd8 22. f3 Ne5 23. fxe4 Ng4 24. Bf3 Qh6 25. Qe2 fxe4 26. Bxe4 Nxh2 27. Nc2 Ng4 28. Re1 Nf6 29. Bf3 Qg5 30. Qg2 c5 31. Rd1 Rxd1+ 32. Bxd1 Bf5 33. Qf3 Bg4 34. Qf1 Bxd1 35. Qxd1 Qxg3+ 36. Kf1 h5 37. Qd8+ Kh7 38. Qc8 Qf3+ 39. Ke1 h4 40. Qxc5 h3 41. Qe5 Qh1+ 42. Ke2 Qg2+ 0-1

[Event "Cheliabinsk Governor's Cup IM"]
[Site "Satka"]
[Date "2017.07.07"]
[Round "7"]
[White "Golubev, Roman"]
[Black "Mischuk, Dmitry"]
[Result "0-1"]
[WhiteElo "2420"]
[BlackElo "2344"]
[PlyCount "86"]
[EventDate "2017.06.30"]
[EventType "tourn"]
[EventRounds "9"]
[EventCountry "RUS"]
[EventCategory "4"]
[SourceTitle "EXT 2018"]
[Source "ChessBase"]
[SourceDate "2017.10.13"]
[SourceVersion "1"]
[SourceVersionDate "2017.10.13"]
[SourceQuality "1"]

1. e4 e5 2. Nf3 Nf6 3. Nc3 Nc6 4. g3 d5 5. exd5 Nxd5 6. Bg2 Nxc3 7. bxc3 Bd6 8. 0-0 0-0 9. Rb1 Rb8 10. d4 h6 11. Re1 Qf6 12. Nd2 Bf5 13. Ne4 Qg6 14. h3 exd4 15. g4 Bxe4 16. Bxe4 Qf6 17. Bxc6 bxc6 18. Rxb8 Rxb8 19. cxd4 c5 20. Be3 cxd4 21. Qxd4 Qf3 22. Qxa7 Ra8 23. Qd4 Qxh3 24. Qe4 Rxa2 25. Rb1 c6 26. Qe8+ Kh7 27. Qe4+ g6 28. Qg2 Qxg2+ 29. Kxg2 Rxc2 30. Rb7 Kg7 31. Bd4+ Kf8 32. Rd7 Bc5 33. Bxc5+ Rxc5 34. Rc7 Rc3 35. f3 Kg7 36. Kg3 g5 37. Kf2 c5 38. Rc6 c4 39. Kg2 Rc1 40. Kf2 c3 41. Kg2 f6 42. Kf2 Kf7 43. Ke2 c2 0-1

[Event "Cheliabinsk Governor's Cup IM"]
[Site "Satka"]
[Date "2017.07.06"]
[Round "6"]
[White "Kazantsev, Nikita"]
[Black "Golubev, Roman"]
[Result "0-1"]
[WhiteElo "2239"]
[BlackElo "2420"]
[PlyCount "70"]
[EventDate "2017.06.30"]
[EventType "tourn"]
[EventRounds "9"]
[EventCountry "RUS"]
[EventCategory "4"]
[SourceTitle "EXT 2018"]
[Source "ChessBase"]
[SourceDate "2017.10.13"]
[SourceVersion "1"]
[SourceVersionDate "2017.10.13"]
[SourceQuality "1"]

1. e4 e5 2. Nf3 Nc6 3. Nc3 Nf6 4. g3 d5 5. exd5 Nd4 6. Bg2 Bg4 7. d3 Nxd5 8. h3 Bxf3 9. Bxf3 Nb4 10. 0-0 c6 11. Rb1 Nbxc2 12. Bg2 Be7 13. f4 exf4 14. Bxf4 0-0 15. Rf2 Nb4 16. a3 Na6 17. b4 Nc7 18. Kh2 Nce6 19. Be3 Bd6 20. Ne4 Be5 21. Qc1 f5 22. Nc5 Qh4 23. Bf4 Nxf4 24. gxh4 Nxd3+ 25. Kg1 Nxc1 26. Rxc1 Rf7 27. Rd1 Re8 28. Rfd2 b6 29. Nd3 Bf6 30. b5 Ne2+ 31. Kh1 Ng3+ 32. Kh2 Ne4 33. bxc6 Nxd2 34. Rxd2 Rd8 35. Rc2 Rxd3 0-1

[Event "Moscow op-A 13th"]
[Site "Moscow"]
[Date "2017.02.01"]
[Round "5"]
[White "Golubev, Roman"]
[Black "Atabayev, Maksat"]
[Result "0-1"]
[WhiteElo "2380"]
[BlackElo "2492"]
[PlyCount "74"]
[EventDate "2017.01.28"]
[EventType "swiss"]
[EventRounds "9"]
[EventCountry "RUS"]
[SourceTitle "EXT 2018"]
[Source "ChessBase"]
[SourceDate "2017.10.13"]
[SourceVersion "1"]
[SourceVersionDate "2017.10.13"]
[SourceQuality "1"]

1. e4 c5 2. Nf3 d6 3. d4 cxd4 4. Nxd4 Nf6 5. Nc3 a6 6. Be2 e5 7. Nb3 Be6 8. Be3 Nbd7 9. f3 Be7 10. Nd5 Nxd5 11. exd5 Bf5 12. Qd2 0-0 13. 0-0 Bg6 14. c4 a5 15. f4 a4 16. Nc1 exf4 17. Bxf4 a3 18. b4 Bf6 19. Nb3 Bxa1 20. Rxa1 Qe7 21. Rc1 Rfe8 22. Bf1 Nf6 23. c5 Qe4 24. Bc4 dxc5 25. Nxc5 Qf5 26. Rf1 Ne4 27. Nxe4 Qxe4 28. Bb5 Rec8 29. Re1 Rc2 30. Rxe4 Rxd2 31. Re7 Rxd5 32. Rxb7 Rd4 33. Be5 Rxb4 34. Bc6 Rxb7 35. Bxb7 Ra5 36. Bc3 Rc5 37. Bd4 Rc2 0-1

[Event "Moscow op-A 13th"]
[Site "Moscow"]
[Date "2017.01.31"]
[Round "4"]
[White "Anchutin, Nikita"]
[Black "Golubev, Roman"]
[Result "0-1"]
[WhiteElo "2168"]
[BlackElo "2380"]
[PlyCount "126"]
[EventDate "2017.01.28"]
[EventType "swiss"]
[EventRounds "9"]
[EventCountry "RUS"]
[SourceTitle "EXT 2018"]
[Source "ChessBase"]
[SourceDate "2017.10.13"]
[SourceVersion "1"]
[SourceVersionDate "2017.10.13"]
[SourceQuality "1"]

1. d4 f5 2. Nf3 Nf6 3. g3 e6 4. Bg2 Be7 5. 0-0 0-0 6. c4 d6 7. Nc3 Ne4 8. Qc2 Nxc3 9. bxc3 Nc6 10. e4 e5 11. Rd1 Qe8 12. c5 f4 13. cxd6 cxd6 14. Qb3+ Kh8 15. d5 Nd8 16. c4 g5 17. Ba3 Nf7 18. c5 dxc5 19. d6 Bxd6 20. Rxd6 Nxd6 21. Bxc5 Nf7 22. Qb2 Kg8 23. gxf4 gxf4 24. Kh1 b6 25. Ba3 Kg7 26. Rc1 Bd7 27. Bxf8+ Kxf8 28. Rc7 Qd8 29. Qc3 Rc8 30. Rxc8 Qxc8 31. Qa3+ Qc5 32. Qxa7 Bg4 33. Ng1 Qxf2 34. Qa3+ Kg7 35. h3 Be6 36. Qe7 Bxa2 37. Nf3 Qc5 38. Qa7 Bb3 39. h4 Qe3 40. Qb7 h6 41. Nxe5 Qe1+ 42. Kh2 Qxh4+ 43. Kg1 Qe1+ 44. Kh2 Qg3+ 45. Kh1 Qh4+ 46. Kg1 Qf6 47. Nf3 Bd1 48. e5 Qe6 49. Nd4 Qxe5 50. Qxb6 Bg4 51. Qb2 f3 52. Bf1 Kf6 53. Qf2 Ng5 54. Nc2 Ne4 55. Qh4+ Qg5 56. Qxg5+ hxg5 57. Ne3 Be6 58. Bd3 Nc5 59. Bc2 Ke5 60. Kf2 Kf4 61. Nf1 g4 62. Ng3 Bf7 63. Nf1 Ne6 0-1

[Event "Moscow op-A 13th"]
[Site "Moscow"]
[Date "2017.01.30"]
[Round "3"]
[White "Golubev, Roman"]
[Black "Shubin, Kirill"]
[Result "1-0"]
[WhiteElo "2380"]
[BlackElo "2244"]
[PlyCount "63"]
[EventDate "2017.01.28"]
[EventType "swiss"]
[EventRounds "9"]
[EventCountry "RUS"]
[SourceTitle "EXT 2018"]
[Source "ChessBase"]
[SourceDate "2017.10.13"]
[SourceVersion "1"]
[SourceVersionDate "2017.10.13"]
[SourceQuality "1"]

1. e4 e6 2. d4 d5 3. Nc3 Bb4 4. e5 c5 5. a3 Bxc3+ 6. bxc3 Qa5 7. Bd2 Qa4 8. Qg4 Kf8 9. Qd1 b6 10. dxc5 bxc5 11. Nf3 Nd7 12. Rb1 Ba6 13. Bxa6 Qxa6 14. Qe2 Qc6 15. 0-0 Ne7 16. c4 Re8 17. cxd5 exd5 18. Rfe1 Nb6 19. e6 Qxe6 20. Qa6 Qd6 21. Qxa7 Nbc8 22. Qa4 f6 23. Rb7 Qc6 24. Qb3 Nd6 25. Rb6 Qd7 26. Bf4 Ne4 27. Nd2 Ng6 28. Be3 d4 29. Nxe4 dxe3 30. Qxe3 Qe7 31. Rbb1 Ne5 32. Rbd1 1-0

[Event "Moscow op-A 13th"]
[Site "Moscow"]
[Date "2017.01.28"]
[Round "1"]
[White "Golubev, Roman"]
[Black "Poliakov, Artem"]
[Result "1-0"]
[WhiteElo "2380"]
[BlackElo "2173"]
[PlyCount "91"]
[EventDate "2017.01.28"]
[EventType "swiss"]
[EventRounds "9"]
[EventCountry "RUS"]
[SourceTitle "EXT 2018"]
[Source "ChessBase"]
[SourceDate "2017.10.13"]
[SourceVersion "1"]
[SourceVersionDate "2017.10.13"]
[SourceQuality "1"]

1. e4 d6 2. d4 Nf6 3. Nc3 g6 4. Nf3 Bg7 5. Bg5 c6 6. Qd2 Nbd7 7. Bh6 Bxh6 8. Qxh6 b5 9. a3 Qa5 10. b4 Qc7 11. Bd3 a6 12. 0-0 Bb7 13. h3 e5 14. dxe5 Nxe5 15. Nxe5 dxe5 16. Qg7 Ke7 17. Qh6 c5 18. Rfe1 Rad8 19. a4 cxb4 20. Nd5+ Bxd5 21. exd5 bxa4 22. Rxa4 a5 23. d6+ Kxd6 24. Qg5 Nd7 25. Rea1 Ra8 26. Be4 Ra7 27. Rd1+ Ke6 28. Bd5+ Kd6 29. Bxf7+ Kc6 30. Qe7 Kb5 31. Raa1 Nb6 32. Be8+ Kc4 33. Qe6+ Kc5 34. c4 b3 35. Rac1 Kb4 36. c5 Rxe8 37. Qxe8 b2 38. Rc2 Nc4 39. Qe6 Qxc5 40. Rb1 Qd4 41. Rxc4+ Qxc4 42. Rxb2+ Kc5 43. Qb6+ Kd5 44. Rb5+ Ke4 45. Qe3+ Kf5 46. Qxe5# 1-0

[Event "Tula Suetin Memorial"]
[Site "Tula"]
[Date "2017.01.04"]
[Round "2"]
[White "Golubev, Roman"]
[Black "Lugovskoy, Maxim"]
[Result "1-0"]
[WhiteElo "2380"]
[BlackElo "2425"]
[PlyCount "51"]
[EventDate "2017.01.03"]
[EventType "tourn"]
[EventRounds "9"]
[EventCountry "RUS"]
[EventCategory "7"]
[SourceTitle "CBM 176 Extra"]
[Source "ChessBase"]
[SourceDate "2017.03.02"]
[SourceVersion "1"]
[SourceVersionDate "2017.03.02"]
[SourceQuality "1"]

1. e4 e6 2. d4 d5 3. Nc3 Nf6 4. e5 Nfd7 5. f4 c5 6. Nf3 Be7 7. Be3 b6 8. Qd2 0-0 9. Nd1 Ba6 10. Bxa6 Nxa6 11. 0-0 Nb4 12. c3 Nc6 13. f5 exf5 14. Bf4 Kh8 15. h4 Re8 16. Ne3 cxd4 17. cxd4 f6 18. Nxf5 fxe5 19. Ng5 Bxg5 20. Bxg5 Qc7 21. Nxg7 Kxg7 22. Bh6+ Kh8 23. Bg7+ Kxg7 24. Qg5+ Kh8 25. Rf7 Rg8 26. Qh6 1-0

[Event "Cheliabinsk Panchenko Memorial"]
[Site "Cheliabinsk"]
[Date "2016.10.20"]
[Round "7"]
[White "Kholopov, Alexander A"]
[Black "Golubev, Roman"]
[Result "1-0"]
[WhiteElo "2281"]
[BlackElo "2340"]
[PlyCount "81"]
[EventDate "2016.10.14"]
[EventType "tourn"]
[EventRounds "9"]
[EventCountry "RUS"]
[EventCategory "4"]
[SourceTitle "CBM 175 Extra"]
[Source "ChessBase"]
[SourceDate "2016.12.12"]
[SourceVersion "1"]
[SourceVersionDate "2016.12.12"]
[SourceQuality "1"]

1. c4 g6 2. Nf3 Bg7 3. Nc3 c5 4. g3 Nc6 5. Bg2 d6 6. 0-0 Bf5 7. d3 Qd7 8. Re1 Nf6 9. a3 0-0 10. Rb1 a5 11. Bd2 Bh3 12. Bh1 h6 13. Bg2 Bxg2 14. Kxg2 Ra6 15. h3 Ne8 16. Nb5 Na7 17. b4 axb4 18. axb4 Nxb5 19. cxb5 Qxb5 20. bxc5 Qxc5 21. Rxb7 Nf6 22. Rxe7 Nd5 23. Rb7 Rc8 24. e4 Nc3 25. Qb3 d5 26. Bxc3 Bxc3 27. Rc1 Ra3 28. Qxd5 Qxd5 29. exd5 Rd8 30. d4 Rxd5 31. Ne5 Rxd4 32. Nxf7 h5 33. Ng5 Rd6 34. Ne4 Rd3 35. Rcb1 Bd4 36. Rd7 Be5 37. Re7 Ra5 38. Rbb7 Rd8 39. Re6 Bd4 40. Rxg6+ Kf8 41. Ng5 1-0

[Event "Cheliabinsk Panchenko Memorial"]
[Site "Cheliabinsk"]
[Date "2016.10.14"]
[Round "1"]
[White "Golubev, Roman"]
[Black "Radzhabov, Rodion"]
[Result "1-0"]
[WhiteElo "2340"]
[BlackElo "2168"]
[PlyCount "53"]
[EventDate "2016.10.14"]
[EventType "tourn"]
[EventRounds "9"]
[EventCountry "RUS"]
[EventCategory "4"]
[SourceTitle "CBM 175 Extra"]
[Source "ChessBase"]
[SourceDate "2016.12.12"]
[SourceVersion "1"]
[SourceVersionDate "2016.12.12"]
[SourceQuality "1"]

1. e4 c5 2. Nf3 Nc6 3. d4 cxd4 4. Nxd4 Qc7 5. Nc3 e6 6. Be3 a6 7. Be2 Nf6 8. 0-0 Be7 9. f4 d6 10. Kh1 0-0 11. Qe1 Nxd4 12. Bxd4 b5 13. e5 dxe5 14. Bxe5 Qb6 15. Qh4 Bb7 16. Bd3 h6 17. Qg3 Nh5 18. Qh3 Nf6 19. Rae1 b4 20. Nd1 Nd7 21. Bxg7 Kxg7 22. Qg4+ Kh8 23. Qh3 Kg7 24. Re3 f5 25. Rg3+ Kh7 26. Qh5 Rf6 27. Qg4 1-0

[Event "Kolomna op"]
[Site "Kolomna"]
[Date "2016.10.09"]
[Round "7.4"]
[White "Golubev, Roman"]
[Black "Drygalov, Andrey"]
[Result "1/2-1/2"]
[WhiteElo "2340"]
[BlackElo "2318"]
[PlyCount "71"]
[EventDate "2016.10.05"]
[EventType "swiss"]
[EventRounds "9"]
[EventCountry "RUS"]
[SourceTitle "EXT 2018"]
[Source "ChessBase"]
[SourceDate "2017.10.13"]
[SourceVersion "1"]
[SourceVersionDate "2017.10.13"]
[SourceQuality "1"]

1. e4 c5 2. Nf3 e6 3. d4 cxd4 4. Nxd4 Nc6 5. Nc3 Qc7 6. Be3 a6 7. Be2 Nf6 8. 0-0 Be7 9. f4 d6 10. Kh1 0-0 11. Qe1 Nxd4 12. Bxd4 b5 13. e5 Ne8 14. Qg3 Bb7 15. Bd3 Rd8 16. Rae1 g6 17. Qf2 Qc8 18. Bb6 Rd7 19. Re3 dxe5 20. fxe5 f5 21. a4 Qc6 22. a5 b4 23. Ne2 Bc5 24. Bxc5 Qxc5 25. Nf4 Ng7 26. h4 Qxa5 27. Bc4 Re8 28. h5 g5 29. Nxe6 Rxe6 30. Bxe6+ Nxe6 31. Qxf5 Qd5 32. Ref3 h6 33. Rg3 Rg7 34. Qf6 Kh7 35. Qf5+ Kg8 36. Qf6 1/2-1/2

[Event "Kolomna op"]
[Site "Kolomna"]
[Date "2016.10.08"]
[Round "6.5"]
[White "Bykov, Oleg1"]
[Black "Golubev, Roman"]
[Result "1/2-1/2"]
[WhiteElo "2327"]
[BlackElo "2340"]
[PlyCount "58"]
[EventDate "2016.10.05"]
[EventType "swiss"]
[EventRounds "9"]
[EventCountry "RUS"]
[SourceTitle "EXT 2018"]
[Source "ChessBase"]
[SourceDate "2017.10.13"]
[SourceVersion "1"]
[SourceVersionDate "2017.10.13"]
[SourceQuality "1"]

1. Nf3 Nf6 2. c4 g6 3. Nc3 Bg7 4. e4 d6 5. d4 Bg4 6. Be2 0-0 7. Be3 Nfd7 8. Ng1 Bxe2 9. Ngxe2 c5 10. 0-0 cxd4 11. Nxd4 Nc6 12. b3 Nc5 13. Qd2 Qa5 14. Rfd1 Rfc8 15. Rac1 Ne6 16. Nxe6 fxe6 17. Ne2 Qxd2 18. Rxd2 b6 19. f3 Kf7 20. Kf2 Rc7 21. Rcd1 Rac8 22. Nd4 Nxd4 23. Bxd4 Bxd4+ 24. Rxd4 Rc5 25. Ke3 Kf6 26. R1d2 R8c7 27. g3 Rc8 28. Rd1 Ra5 29. R1d2 Rac5 1/2-1/2

[Event "Kolomna op"]
[Site "Kolomna"]
[Date "2016.10.06"]
[Round "3.3"]
[White "Drygalov, Sergey"]
[Black "Golubev, Roman"]
[Result "1-0"]
[WhiteElo "2409"]
[BlackElo "2340"]
[PlyCount "59"]
[EventDate "2016.10.05"]
[EventType "swiss"]
[EventRounds "9"]
[EventCountry "RUS"]
[SourceTitle "EXT 2018"]
[Source "ChessBase"]
[SourceDate "2017.10.13"]
[SourceVersion "1"]
[SourceVersionDate "2017.10.13"]
[SourceQuality "1"]

1. d4 Nf6 2. Nf3 g6 3. c4 Bg7 4. g3 d5 5. cxd5 Nxd5 6. Bg2 Nb6 7. Nc3 Nc6 8. e3 0-0 9. 0-0 Re8 10. Nh4 e5 11. d5 Ne7 12. e4 Bd7 13. Qb3 c6 14. Bg5 Qc7 15. Rac1 Nec8 16. Rfd1 Nd6 17. Bf1 c5 18. Be3 Nbc8 19. Nb5 Qb8 20. Bxc5 Nxe4 21. d6 Nxc5 22. Rxc5 Bxb5 23. Bxb5 Rd8 24. d7 Nd6 25. Rcd5 Bf8 26. Nf3 a6 27. Ng5 Nf5 28. R5d3 Nh6 29. Bc4 Be7 30. Nxf7 1-0

[Event "Kolomna op"]
[Site "Kolomna"]
[Date "2016.10.05"]
[Round "1.1"]
[White "Golubev, Roman"]
[Black "Ivanov, Oleg V"]
[Result "1-0"]
[WhiteElo "2340"]
[BlackElo "2495"]
[PlyCount "68"]
[EventDate "2016.10.05"]
[EventType "swiss"]
[EventRounds "9"]
[EventCountry "RUS"]
[SourceTitle "EXT 2018"]
[Source "ChessBase"]
[SourceDate "2017.10.13"]
[SourceVersion "1"]
[SourceVersionDate "2017.10.13"]
[SourceQuality "1"]

1. e4 c5 2. Nf3 Nc6 3. Bb5 g6 4. Bxc6 dxc6 5. d3 Bg7 6. h3 Nh6 7. a4 f5 8. Bxh6 Bxh6 9. exf5 Bxf5 10. Nbd2 0-0 11. Nc4 Be6 12. 0-0 Bg7 13. Nce5 Bd5 14. Qe2 Qd6 15. Rab1 Rf6 16. Nc4 Qf4 17. Nfd2 Re6 18. Ne3 Re5 19. Qg4 Qxg4 20. hxg4 Bh6 21. Rbe1 Bxe3 22. Rxe3 Rxe3 23. fxe3 h6 24. Kh2 Kg7 25. Kg3 g5 26. Rf2 Rd8 27. b3 Rd6 28. e4 Be6 29. a5 b5 30. Nf3 Bg8 31. Rd2 Bf7 32. Re2 Rd8 33. Kf2 Bg8 34. Kg3 Be6 1-0

[Event "Vladimir op"]
[Site "Suzdal"]
[Date "2016.08.12"]
[Round "8"]
[White "Golubev, Roman"]
[Black "Smirnova, Ekaterina"]
[Result "1-0"]
[WhiteElo "2334"]
[BlackElo "2130"]
[PlyCount "110"]
[EventDate "2016.08.05"]
[EventType "tourn"]
[EventRounds "9"]
[EventCountry "RUS"]
[SourceTitle "EXT 2018"]
[Source "ChessBase"]
[SourceDate "2017.10.13"]
[SourceVersion "1"]
[SourceVersionDate "2017.10.13"]
[SourceQuality "1"]

1. e4 e6 2. d4 d5 3. Nc3 Nf6 4. e5 Nfd7 5. f4 c5 6. Nf3 a6 7. Be3 Qb6 8. Na4 Qa5+ 9. c3 cxd4 10. b4 Qc7 11. Bxd4 Nc6 12. Be3 f6 13. exf6 Nxf6 14. g3 Bd6 15. Bg2 0-0 16. 0-0 Rb8 17. Bb6 Qe7 18. Re1 Re8 19. Qd3 Bd7 20. Nc5 Bxc5+ 21. Bxc5 Qf7 22. Re2 Ne4 23. Bd4 Rbc8 24. Re3 Nd6 25. Bc5 Ne4 26. Bd4 Nd6 27. Ne5 Nxe5 28. Rxe5 Nc4 29. Re2 Bb5 30. Qd1 Nd6 31. Rf2 Qd7 32. Qh5 Qf7 33. Qg4 Bd3 34. Be5 Bf5 35. Qd1 Ne4 36. Bxe4 Bxe4 37. Bd4 h5 38. h3 Qg6 39. Kh2 b5 40. a4 Ra8 41. a5 Rac8 42. Qd2 Bd3 43. Re1 Be4 44. Re3 Rc6 45. Be5 Rc4 46. g4 hxg4 47. hxg4 Rd8 48. Qd1 Rdc8 49. Rh3 Rf8 50. Kg3 Bb1 51. Rh5 Qd3+ 52. Qxd3 Bxd3 53. Rg5 Rf7 54. f5 exf5 55. gxf5 Kf8 1-0

[Event "Vladimir op"]
[Site "Suzdal"]
[Date "2016.08.09"]
[Round "5"]
[White "Egorov, Pavel"]
[Black "Golubev, Roman"]
[Result "1/2-1/2"]
[WhiteElo "2249"]
[BlackElo "2334"]
[PlyCount "90"]
[EventDate "2016.08.05"]
[EventType "tourn"]
[EventRounds "9"]
[EventCountry "RUS"]
[SourceTitle "EXT 2018"]
[Source "ChessBase"]
[SourceDate "2017.10.13"]
[SourceVersion "1"]
[SourceVersionDate "2017.10.13"]
[SourceQuality "1"]

1. d4 Nf6 2. c4 g6 3. Nc3 Bg7 4. e4 d6 5. h3 0-0 6. Nf3 Qe8 7. Be2 e5 8. d5 Nh5 9. g3 f5 10. Ng5 Nf6 11. c5 h6 12. Ne6 Bxe6 13. dxe6 Qxe6 14. b3 Kh8 15. Bc4 Qe7 16. cxd6 cxd6 17. Ba3 Rd8 18. Nd5 Nxd5 19. Qxd5 Nc6 20. 0-0-0 Nd4 21. exf5 gxf5 22. Rhe1 b5 23. Bxb5 Nxb5 24. Qxb5 e4 25. Re2 Rac8+ 26. Kb1 Be5 27. Red2 Kg7 28. Qd5 Kf6 29. Bb2 Bxb2 30. Kxb2 Qe5+ 31. Qxe5+ Kxe5 32. Rd5+ Ke6 33. g4 f4 34. h4 Rd7 35. Rh5 Rh8 36. Kc3 d5 37. Kd4 Rd6 38. Rc1 Rh7 39. Re5+ Kd7 40. Rxd5 e3 41. fxe3 fxe3 42. Re1 Rg7 43. g5 hxg5 44. hxg5 Rxd5+ 45. Kxd5 Rxg5+ 1/2-1/2